Culture Générale Française #6 - Statistiques

Statistiques générales
  • Ce quiz a été pris 1 584 fois
  • Le résultat moyen est 10 sur 20
Statistiques - réponses
Question Réponse % Correct
Que signifie le J de FDJ ? Jeux
96%
Quel est le nom du couvre-chef porté, entre autres, par Marianne ? Bonnet phrygien
83%
Que ne faut-il pas faire en avril ? Se découvrir d'un fil
79%
Comment s'appelle la gardienne du trésor de Fort Boyard ? Félindra
77%
Où étudie un normalien ? École normale supérieure
70%
Pour quelle spécialité Pierre Hermé et Ernest Ladurée sont-ils réputés ? Macaron
69%
De quelle équipe proviennent les joueurs surnommés les Sang et or ? RC Lens
67%
Quel parc a été fondé par Philippe de Villiers ? Puy du Fou
65%
Dans quel département peut-on voir le piton des Neiges ? La Réunion
59%
Quel ancien garde du corps d'Emmanuel Macron a été au centre d'une affaire judiciaire ? Alexandre Benalla
56%
Où se réunit l'Assemblée Nationale ? Palais Bourbon
50%
Quel véhicule est associé à la bataille de la Marne ? Taxi
46%
Quel est l'infinitif du verbe que l'on retrouve dans l'expression "Ci-gît" ? Gésir
32%
Où Claude Monet résidait-il ? Giverny
32%
Comment se nomment les ouvriers de la soie lyonnais ? Canuts
31%
Qui Gérard Lenormand nommerait-il Premier Ministre s'il était président ? Mickey Mouse
30%
De qui l'animateur Benjamin Castaldi est-il le petit-fils adoptif ? Yves Montand
28%
Quelle musique de Camille Saint-Saëns est associée au Festival de Cannes ? Aquarium
19%
Qui a écrit la série de romans Claudine ? Colette
18%
Quelle actrice était amputée d'une jambe et dormait dans un cercueil ? Sarah Bernhardt
9%
Aucun quiz correspondant
Distribution des résultats
% des personnes avec chaque résultat
Percentile par nombre de réponses
Votre historique - résultats
Vous n’avez pas pris ce quiz